[Event "Karlstad op"]
[Site "Karlstad"]
[Date "2023.12.27"]
[Round "1"]
[White "Andersson, Christer"]
[Black "Nyander, Joakim"]
[Result "0-1"]
[WhiteElo "1667"]
[BlackElo "2186"]
[PlyCount "46"]
[EventDate "2023.12.27"]
[EventType "swiss"]
[EventRounds "8"]
[EventCountry "SWE"]
[SourceTitle "CB01_2024"]
[SourceDate "2024.01.03"]
[SourceVersion "1"]
[SourceVersionDate "2024.01.03"]
[SourceQuality "1"]

1. d4 d5 2. Bf4 e6 3. e3 Bd6 4. Bg3 Qe7 5. Nf3 Bxg3 6. hxg3 Qb4+ 7. Nbd2 Qxb2 8. c4 Nf6 9. Bd3 Qc3 10. Ne5 Nbd7 11. Qb1 Nxe5 12. dxe5 Qxe5 13. cxd5 exd5 14. 0-0 0-0 15. Nf3 Qh5 16. Nh2 b6 17. a4 Bd7 18. a5 b5 19. a6 c5 20. Bxb5 Rab8 21. Ra5 Rb6 22. Qd3 c4 23. Bxc4 dxc4 0-1

[Event "Reykjavik op"]
[Site "Reykjavik"]
[Date "2023.03.31"]
[Round "4"]
[White "Andersson, Christer"]
[Black "Petursson, Gudni Stefan"]
[Result "0-1"]
[WhiteElo "1659"]
[BlackElo "2020"]
[PlyCount "62"]
[EventDate "2023.03.29"]
[EventType "swiss"]
[EventRounds "9"]
[EventCountry "ISL"]
[SourceTitle "CBM 213 Extra"]
[Source "ChessBase"]
[SourceDate "2023.05.31"]
[SourceVersion "1"]
[SourceVersionDate "2023.05.31"]
[SourceQuality "1"]

1. d4 d5 2. Bf4 Nf6 3. e3 c5 4. c3 cxd4 5. exd4 Nc6 6. Nf3 Bg4 7. Be2 e6 8. 0-0 Be7 9. h3 Bh5 10. Nbd2 0-0 11. Re1 a6 12. Ne5 Bg6 13. Nxg6 hxg6 14. Bd3 b5 15. a3 Bd6 16. Bxd6 Qxd6 17. Nf3 Rab8 18. Qe2 Na5 19. Nd2 Nc4 20. Nb1 Rfe8 21. Qc2 e5 22. Nd2 e4 23. Bf1 Qf4 24. Bxc4 bxc4 25. g3 Qc7 26. Kg2 Rb6 27. Nf1 Reb8 28. Reb1 Qe7 29. Ne3 Nh7 30. h4 g5 31. h5 Nf6 0-1

[Event "Lidkoping op"]
[Site "Lidkoping"]
[Date "2019.08.24"]
[Round "3"]
[White "Andersson, Christer"]
[Black "Bermann, Martin"]
[Result "1/2-1/2"]
[WhiteElo "1672"]
[BlackElo "1889"]
[PlyCount "74"]
[EventDate "2019.08.24"]
[EventType "swiss"]
[EventRounds "7"]
[EventCountry "SWE"]
[SourceTitle "EXT 2020"]
[Source "ChessBase"]
[SourceDate "2019.10.17"]
[SourceVersion "1"]
[SourceVersionDate "2019.10.17"]
[SourceQuality "1"]

1. Nf3 Nf6 2. d4 g6 3. Bg5 Ne4 4. Bf4 Bg7 5. Nbd2 Nxd2 6. Qxd2 0-0 7. Bh6 d5 8. h4 Nd7 9. h5 Nf6 10. hxg6 fxg6 11. Bxg7 Kxg7 12. Qh6+ Kf7 13. Ng5+ Ke8 14. Nxh7 Rg8 15. Nxf6+ exf6 16. Qh7 Be6 17. Qh6 Qe7 18. Qd2 Rd8 19. 0-0-0 Kd7 20. Qa5 a6 21. e3 Qd6 22. Rd3 Rh8 23. Rxh8 Rxh8 24. Kd2 Rh1 25. Be2 Rh2 26. Qa4+ b5 27. Qa5 Rxg2 28. Ra3 Rxf2 29. Kd1 Qh2 30. Qxa6 Qg1+ 31. Kd2 Bg4 32. Qxb5+ Ke7 33. Qc5+ Kd7 34. Qxd5+ Ke7 35. Qc5+ Kd7 36. Qd5+ Ke7 37. Qc5+ Kd7 1/2-1/2